Asia frente al siglo XXI : (Record no. 9896)

MARC details
000 -LEADER
fixed length control field 01559nam a22003857a 4500
003 - CONTROL NUMBER IDENTIFIER
control field AR-FvUNAJ
005 - DATE AND TIME OF LATEST TRANSACTION
control field 20231025154512.0
008 - FIXED-LENGTH DATA ELEMENTS--GENERAL INFORMATION
fixed length control field 231025b ||||| |||| 00| 0 spa d
020 ## - INTERNATIONAL STANDARD BOOK NUMBER
International Standard Book Number 950-05-1253-X
040 ## - CATALOGING SOURCE
Transcribing agency AR-FvUNAJ
082 14 - DEWEY DECIMAL CLASSIFICATION NUMBER
Edition number 14
Classification number 330.950
100 1# - MAIN ENTRY--PERSONAL NAME
9 (RLIN) 18993
Personal name Sukup, Viktor
245 10 - TITLE STATEMENT
Title Asia frente al siglo XXI :
Remainder of title ¿de los "milagros" a las "debacles"? /
Statement of responsibility, etc Viktor Sukup.
250 ## - EDITION STATEMENT
Edition statement 1a ed.
260 ## - PUBLICATION, DISTRIBUTION, ETC. (IMPRINT)
Place of publication, distribution, etc Buenos Aires :
Name of publisher, distributor, etc Corregidor,
Date of publication, distribution, etc 2000.
300 ## - PHYSICAL DESCRIPTION
Extent 329 p.
504 ## - BIBLIOGRAPHY, ETC. NOTE
Bibliography, etc Incluye referencias bibliográficas (p. 307-327)
505 2# - FORMATTED CONTENTS NOTE
Title 1. Asia - Geografía, historia y economía en su desarrollo reciente.
505 2# - FORMATTED CONTENTS NOTE
Title 2. El Japón - ¿Caso único inimitable o ejemplo a seguir?
505 2# - FORMATTED CONTENTS NOTE
Title 3. Los "tigres asiáticos" - Logros y fallas de un "modelo" ecléctico.
505 2# - FORMATTED CONTENTS NOTE
Title 4. China - ¿El "super-tigre" de siglo XXI?
505 2# - FORMATTED CONTENTS NOTE
Title 5. India - Balance complejo de medio siglo de independencia.
505 2# - FORMATTED CONTENTS NOTE
Title 6. El grupo ASEAN - ¿"Nuevos tigres" o estrellas fugaces?
505 2# - FORMATTED CONTENTS NOTE
Title 7. Indonesia - Un gigante regional en problemas.
505 2# - FORMATTED CONTENTS NOTE
Title 8. Relaciones con América Latina, flujos de capital y lecciones mutuas.
505 2# - FORMATTED CONTENTS NOTE
Title 9. La crisis de fines de siglo - ¿Sólo financiera o también estructural?
505 2# - FORMATTED CONTENTS NOTE
Title Conclusiones y perspectivas: Asia y el mundo de hoy y de mañana.
650 27 - SUBJECT ADDED ENTRY--TOPICAL TERM
9 (RLIN) 9198
Topical term or geographic name as entry element DESARROLLO ECONOMICO
650 #0 - SUBJECT ADDED ENTRY--TOPICAL TERM
9 (RLIN) 18116
Topical term or geographic name as entry element ECONOMÍA INTERNACIONAL
651 #7 - SUBJECT ADDED ENTRY--GEOGRAPHIC NAME
9 (RLIN) 4523
Geographic name ASIA
651 #7 - SUBJECT ADDED ENTRY--GEOGRAPHIC NAME
9 (RLIN) 8966
Geographic name JAPON
651 #7 - SUBJECT ADDED ENTRY--GEOGRAPHIC NAME
9 (RLIN) 2369
Geographic name CHINA
651 #7 - SUBJECT ADDED ENTRY--GEOGRAPHIC NAME
9 (RLIN) 4098
Geographic name INDIA
942 ## - ADDED ENTRY ELEMENTS (KOHA)
Source of classification or shelving scheme Dewey Decimal Classification
Koha item type Libro, folleto, traducción
980 ## - EQUIVALENCE OR CROSS-REFERENCE-SERIES STATEMENT--PERSONAL NAME/TITLE [LOCAL, CANADA]
Linkage 21574
Personal name Carrizo
Field link and sequence number 21574
Miscellaneous information Carrizo
Holdings
Withdrawn status Lost status Source of classification or shelving scheme Damaged status Not for loan Home library Current library Date acquired Source of acquisition Total Checkouts Full call number Barcode Date last seen Price effective from Koha item type
    Dewey Decimal Classification     Biblioteca Central Biblioteca Central 25/10/2023 Donación   330.950 SUK UNAJ23100295 17/03/2025 25/10/2023 Libro, folleto, traducción

Lunes a Viernes 8:30 a 19:00 hs. Cerrado por mudanza
Av.Calchaqui 6200 Florencio Varela (CP188) 2°piso Edificio Mosconi Aula 209-210
Mail: bibliotecacentralunaj@gmail.com  
Whatsapp(54 9)1122668024    ❔Pregunte a la bibliotecaria
© Universidad Nacional Arturo Jauretche | Secretaría Académica | Biblioteca Central UNAJ